Movies Quiz

Random Movies or Actor Quiz

100 Worst Movies (2000s) Quiz Stats

 Plays Quiz Updated Nov 13, 2018

Support Sporcle.
Go Orange.
Score 0/100 Timer 12:00
0 Plays Today
Rank Movie % Correct
73Gigli
46.4%
99Glitter
28%
18The Master of Disguise
20%
27Battlefield Earth
18.1%
1Ballistic: Ecks vs. Sever
17.8%
21Epic Movie
15.7%
33Delta Farce
15%
77Date Movie
14.9%
61Good Luck Chuck
12.5%
96All About Steve
12%
89Basic Instinct 2
11.4%
3Pinocchio
11.1%
98Cheaper By the Dozen 2
10.7%
67The Hottie & the Nottie
10.6%
25Meet the Spartans
10.5%
22Disaster Movie
10.1%
97Boat Trip
9.8%
10Witless Protection
9.8%
85Larry the Cable Guy: Health Inspector
9.4%
94The New Guy
9.1%
36The Whole Ten Yards
8.6%
5988 Minutes
8.2%
79The Adventures of Pluto Nash
8.2%
64Corky Romano
8%
16Daddy Day Camp
7.9%
75Son of the Mask
7.6%
46Material Girls
7.4%
58Christmas with the Kranks
7.3%
65Swept Away
7.3%
100Whiteout
6.8%
71College
6.6%
7Strange Wilderness
6.2%
74Envy
6%
2One Missed Call
5.1%
Rank Movie % Correct
37Code Name: The Cleaner
5.1%
48BloodRayne
5.1%
60The Perfect Man
5%
6Superbabies: Baby Geniuses 2
4.9%
44Street Fighter: The Legend of Chun-Li
4.9%
80Big Momma's House 2
4.7%
15Alone in the Dark
4.7%
56Because I Said So
4.2%
92Babylon A.D.
4.2%
26Kickin' It Old Skool
4.1%
41Zoom
4%
66The Fog
3.7%
49In the Name of the King: A Dungeon Siege Tale
3.6%
28Rollerball
3.3%
4King's Ransom
3.3%
78Deck the Halls
3.2%
40Down to You
3%
50Dirty Love
3%
63Yours, Mine, & Ours
2.9%
84Thr3e
2.9%
42House of the Dead
2.7%
91Surviving Christmas
2.7%
62Serving Sara
2.6%
76Johnson Family Vacation
2.6%
12Killing Me Softly
2.6%
19Half Past Dead
2.3%
9Redline
2.2%
90Dragonfly
2.2%
39Miss March
2.1%
17Twisted
2.1%
5National Lampoon's Gold Diggers
2%
72Broken Bridges
1.9%
30Fear Dot Com
1.9%
43Darkness
1.9%
Rank Movie % Correct
57Godsend
1.8%
83Doogal
1.8%
35Deal
1.7%
45My Baby's Daddy
1.7%
69The Cookout
1.7%
68Yu-Gi-Oh: The Movie
1.6%
24Texas Rangers
1.6%
31The Covenant
1.6%
20Crossover
1.5%
29Bless the Child
1.5%
83 Strikes
1.5%
93A Sound of Thunder
1.5%
38Happily N'Ever After
1.5%
95Lost Souls
1.4%
32Deuces Wild
1.4%
82Supercross: The Movie
1.2%
23The In Crowd
1.2%
34The Haunting of Molly Hartley
1.2%
47Soul Survivors
1.2%
81Extreme Ops
1.2%
14Beyond a Reasonable Doubt
1.1%
70New Best Friend
1.1%
52The Bridge of San Luis Rey
1.1%
13Constellation
1%
51Fascination
1%
87Testosterone
0.9%
53Modigliani
0.9%
54Harry And Max
0.9%
11Merci Docteur Rey!
0.9%
88Kaena: The Prophecy
0.9%
86Pavilion of Women
0.9%
55The Celestine Prophecy
0.8%

From the Vault

Films by Characters in Other Films II

by movielover94

Movies 8m
I'd love it if Rocky Balboa and Dr. Frank-N-Furter did a comedy together someday...but that will probably never happen.
Remove Ads.
Support Sporcle.
Get the best of Sporcle when you Go Orange. This ad-free experience offers more features, more stats, and more fun while also helping to support Sporcle. Thank you for becoming a member.

Show Comments

Extras

Top Quizzes Today


Score Distribution

Your Account Isn't Verified!

In order to create a playlist on Sporcle, you need to verify the email address you used during registration. Go to your Sporcle Settings to finish the process.

Report this User

Report this user for behavior that violates our Community Guidelines.

Details: